1833 1948 1755 1884 1923 1632 1661 1394 1340 1876 1645 1410 1541 1791 1314 1516 1140 1783 1765 1638 1453 1753 1700 1003 1073 1181 1311 1410 1448 1773 1267 1910 1752 1303 1359 1204 1210 1926 1103 1950 1810 1897 1722 1972 1508 1932 1034 1183 1534 1303 1427 1706 1465 1547 1561 1746 1628 1491 1950 1519 1207 1233 1292 1028 1903 1720 1840 1967 1056 1873 1010 1989 1261 1988 1942 1670 1957 1391 1319 1074 1751 1551 1219 1895 1031 1893 1387 1681 1360 1860 1175 1451 1433 1380 1262 1975 1248 1604 1042 BCNSPRNW ULIB Ver.6.0+V

เปลี่ยนเป็นภาษาไทย

Change to English
 แสดงรายละเอียดบรรณานุกรม
  กลับหน้าหลัก

Brief Record : Get Marc (ISO 2709) : E-mail record : QR code < ปิดหน้าต่าง
LEADER : 00000nam 2200000uu 4500
001    13399111731
003     ULIB
008    110707s2545||||th 000 0 tha d
020    9742693072
050  4 DS589^bส859 2545
245 00 สุราษฎร์ธานี เมืองคนดีศรีแผ่นดิน /^cกรมวิชาการ
250    พิมพ์ครั้งที่ 1
260    กรุงเทพฯ :^bกรม,^c2545
300    165 หน้า :^bภาพประกอบสี, ภาพคนเหมือน, แผนที่ ;^c30 ซม.
500    หนังสือที่ระลึกเนื่องในงานถวายกฐินพระราชทาน กรมวิชาการประจำปี 2545 ณ วัดพระบรมธาตุไชยาราชวรวิหาร อำเภอไชยา จังหวัดสุราษฎร์ธานี วันเสาร์ที่ 9 พฤศจิกายน 2545
500    หนังสืออ่านเพิ่มเติมกลุ่มสาระการเรียนรู้สังคมศึกษาศาสนาและวัฒนธรรม ช่วงชั้นประถมศึกษาปีที่ 1-6 และช่วงชั้นมัธยมศึกษาปีที่ 1-6
504    บรรณานุกรม
651  7 สุราษฎร์ธานี^xภูมิประเทศและการท่องเที่ยว
651  7 สุราษฎร์ธานี^xประวัติศาสตร์
651  7 สุราษฎร์ธานี^xความเป็นอยู่และประเพณี
653    Open Your Eyes Project
710 2  กรมวิชาการ
945    ^p0^l0^i015420
995    ทศพร
999 ^a ใช้งานได้ทุกระบบ
รายการนี้ยังไม่มีแท็ก
คุณยังไม่ได้ล็อกอิน คุณสามารถมีกิจกรรมร่วมกับเว็บไซต์ได้ แต่ต้องล็อกอินก่อน ::
  ล็อกอิน

รายการสื่อสารสนเทศ

ลำดับที่ ประเภท เลขเรียก/บาร์โค้ด สถานที่ สถานะ
- ไม่พบข้อมูล -

BibComment


ยังไม่เคยถูกคอมเมนท์

คอมเมนท์ทรัพยากรรายการนี้
  คอมเมนท์: สุราษฎร์ธานี เมือ..


 Copyright 2026. Bcnsprnw @Library